000 00754nam a2200229Ii 4500
003 JO-AjNU
008 230605s9999||||xx |||||||||||||| ||und||
017 _a2002/3/692
020 _a9957-05-099-0
040 _aJO-AjNU
_bara
_erda
_cJO-AjNU
041 _aara
050 1 4 _aZ551.A2894 2002
100 3 _aأبو هلالة، يوسف محي الدين,
_eauthor
_98153
245 0 0 _aحق التأليف في الدعوة الإسلامية
250 _aط1
264 3 1 _aعمان:دار الضياء للنشر والتوزيع، 2002
300 _a160ص
336 _atext
_btxt
_2rdacontent
337 _aunmediated
_bn
_2rdamedia
338 _avolume
_bnc
_2rdacarrier
650 4 _aحقوق التاليف والنشر- فقه اسلامي
_98154
999 _aA644
_c4212
_d4212